| 000 | 00823cam a22002535a 4500 | ||
|---|---|---|---|
| 999 |
_c27338 _d27309 |
||
| 005 | 20190403125448.0 | ||
| 008 | 120402t2013 nyua frb 001 0 eng d | ||
| 020 | _a9780071318648 | ||
| 020 | _a007131864X | ||
| 040 |
_aStDuBDS _beng _cStDuBDS _dUk _dEG-ScBUE |
||
| 082 | 0 | 4 |
_a302 _bMYE _222 |
| 100 | 1 | _aMyers, David G. | |
| 245 | 1 | 0 |
_aSocial psychology / _cDavid G. Myers, Jean M. Twenge. |
| 250 | _a11th ed., International ed. | ||
| 260 |
_aNew York : _bMcGraw-Hill, _cc.2013. |
||
| 300 |
_axxvi, 742 p. : _bill. (some col.) ; _c28 cm. |
||
| 500 | _aRev. ed. of: Social psychology / Davod G. Myers, 2009. | ||
| 504 | _aIncludes bibliographical references and index. | ||
| 650 | 7 |
_aSocial psychology. _2BUEsh |
|
| 651 | _2BUEsh | ||
| 653 |
_bHHUUPPSS _cApril2019 |
||
| 700 | 1 |
_aTwenge, Jean M., _d1971- |
|
| 942 | _2ddc | ||